Datum a čas kvízu
35.5
Celkem bodů
Celkový počet nahraných bodů na tomto kvízu bez doplňovacích otázek.
5.
Pořadí na kvízu
Konečné umístění týmu na tomto kvízu.
Zaznamenané odpovědi
| # | Otázka | Odpověď | Body | Výsledky |
|---|---|---|---|---|
| 1. | Dle rozhodnutí soudu z minuléh... | Tomio Okamura | 1 | |
| 2. | Slovenská policie minulý týden... | Robert Fico, Robert Kaliňák | 0.5 | |
| 3. | Společnost Mattel vydala u pří... | královna Alžběta II. | 1 | |
| 4. | Jedna z českých nápojářských z... | Kofola | 0 | |
| 5. | Která bývalá úspěšná sportovky... | Maria Šarapovová | 1 | |
| 6. | Tímto tématem navazujeme v naš... | B | 1 | |
| 7. | Na lícní straně dvacetikoruny... | zahynout nám i budoucím | 1 | |
| 8. | Dvacet deka lásky je knihou po... | Monyová | 1 | |
| 9. | Nyní se podíváme do periodické... | vápník | 0 | |
| 10. | Vzdušná vzdálenost téměř přesn... | A | 0 |